[Event "ESP-chT CECLUB Div2"]
[Site "Linares"]
[Date "2023.08.16"]
[Round "5.10"]
[White "Grabuzova, Tatiana"]
[Black "Ordonez Torres, Maria del Carmen"]
[Result "1-0"]
[WhiteElo "2192"]
[BlackElo "2085"]
[PlyCount "77"]
[EventDate "2023.08.13"]
[EventType "team-swiss"]
[EventRounds "7"]
[EventCountry "ESP"]
[SourceTitle "EXT 2024"]
[Source "ChessBase"]
[SourceDate "2023.10.10"]
[SourceVersion "1"]
[SourceVersionDate "2023.10.10"]
[SourceQuality "1"]
[WhiteTeam "Filantropos Equigoma"]
[BlackTeam "Prodomasa Coin"]
[WhiteTeamCountry "ESP"]
[BlackTeamCountry "ESP"]

1. d4 Nf6 2. c4 g6 3. Nc3 Bg7 4. e4 d6 5. Be2 0-0 6. Be3 Nc6 7. d5 Ne5 8. Nf3 Nfg4 9. Bc1 Nxf3+ 10. Bxf3 Ne5 11. Be2 e6 12. 0-0 exd5 13. cxd5 f5 14. f4 Nf7 15. Be3 fxe4 16. Bd4 Nh6 17. Bxg7 Kxg7 18. Nxe4 Bf5 19. Qd4+ Kg8 20. Ng5 Qf6 21. Qxf6 Rxf6 22. Rac1 Rc8 23. h3 Rff8 24. g4 Bd7 25. Ne4 Rce8 26. Bd3 c6 27. g5 cxd5 28. Nf6+ Rxf6 29. gxf6 Re3 30. Rfe1 Rg3+ 31. Kf2 Rxh3 32. Rc7 Ng4+ 33. Kg2 Ne3+ 34. Kg1 Bc6 35. Bf1 Rf3 36. Bg2 Rg3 37. Kf2 Nf5 38. Bxd5+ Kf8 39. Rc8+ 1-0

[Event "Seville op 47th"]
[Site "Seville"]
[Date "2022.07.22"]
[Round "8"]
[White "Ordonez Torres, Maria del Carmen"]
[Black "Buscara, Sevan"]
[Result "0-1"]
[WhiteElo "2056"]
[BlackElo "2404"]
[PlyCount "86"]
[EventDate "2022.07.16"]
[EventType "swiss"]
[EventRounds "9"]
[EventCountry "ESP"]
[SourceTitle "CBM 209 Extra"]
[Source "ChessBase"]
[SourceDate "2022.09.30"]
[SourceVersion "1"]
[SourceVersionDate "2022.09.30"]
[SourceQuality "1"]

1. e4 g6 2. d4 Bg7 3. Nc3 d6 4. Be3 a6 5. h4 Nf6 6. f3 Nc6 7. Qd2 h5 8. Nh3 Bxh3 9. Rxh3 e5 10. dxe5 Nxe5 11. Bg5 Qd7 12. 0-0-0 0-0 13. f4 Neg4 14. e5 Nh7 15. Bc4 Nxg5 16. hxg5 Qc6 17. Bd5 Qb6 18. e6 Nf2 19. exf7+ Kh8 20. Rxh5+ gxh5 21. Qe2 Ng4 22. Rh1 Bxc3 23. Rxh5+ Kg7 24. bxc3 Qe3+ 25. Qxe3 Nxe3 26. Bxb7 Rab8 27. Be4 Rxf7 28. Kd2 Nc4+ 29. Kd3 Rxf4 30. Rh7+ Kg8 31. Rxc7 Ne5+ 32. Ke3 Rg4 33. Ra7 Re8 34. Bd5+ Kh8 35. Rxa6 Rxg5 36. a4 Rg3+ 37. Kd4 Rg4+ 38. Ke3 Ng6+ 39. Kf3 Rf4+ 40. Kg3 Rf6 41. c4 Re3+ 42. Kh2 Ne5 43. Ra8+ Kh7 0-1

[Event "Seville op 47th"]
[Site "Seville"]
[Date "2022.07.17"]
[Round "2"]
[White "Espinosa Aranda, Angel"]
[Black "Ordonez Torres, Maria del Carmen"]
[Result "1/2-1/2"]
[WhiteElo "2439"]
[BlackElo "2056"]
[PlyCount "75"]
[EventDate "2022.07.16"]
[EventType "swiss"]
[EventRounds "9"]
[EventCountry "ESP"]
[SourceTitle "CBM 209 Extra"]
[Source "ChessBase"]
[SourceDate "2022.09.30"]
[SourceVersion "1"]
[SourceVersionDate "2022.09.30"]
[SourceQuality "1"]

1. e4 e5 2. Nf3 Nc6 3. Nc3 Nf6 4. Bb5 Bd6 5. a3 0-0 6. d3 h6 7. h3 Re8 8. g4 Nh7 9. h4 Nd4 10. Bc4 Bf8 11. Rg1 g6 12. g5 h5 13. Nxd4 exd4 14. Qf3 d5 15. Bxd5 Be6 16. Bxe6 Rxe6 17. Ne2 c5 18. Nf4 Re8 19. Bd2 Rc8 20. b3 b5 21. a4 c4 22. axb5 cxb3 23. cxb3 Qd7 24. Kf1 Rc2 25. Be1 Rec8 26. Kg2 Rb2 27. Qh3 Qxh3+ 28. Kxh3 Rxb3 29. Rxa7 Rxb5 30. Bd2 Rc2 31. Rd1 Rbb2 32. Be1 Bd6 33. Kg3 Nf8 34. Kf3 Bxf4 35. Kxf4 Ne6+ 36. Kf3 Rb3 37. Rd7 Ra2 38. Kg3 1/2-1/2

[Event "ESP-chT CECLUB Div2"]
[Site "Linares"]
[Date "2021.08.12"]
[Round "5.5"]
[White "Ordonez Torres, Maria del Carmen"]
[Black "Fernandez Diaz, Ignacio"]
[Result "1-0"]
[WhiteElo "2039"]
[BlackElo "1982"]
[PlyCount "83"]
[EventDate "2021.08.09"]
[EventType "team-swiss"]
[EventRounds "7"]
[EventCountry "ESP"]
[SourceTitle "CBM 203 Extra"]
[Source "ChessBase"]
[SourceDate "2021.09.30"]
[SourceVersion "1"]
[SourceVersionDate "2021.09.30"]
[SourceQuality "1"]
[WhiteTeam "Reina Brillante"]
[BlackTeam "Covadonga Cultura"]
[WhiteTeamCountry "ESP"]
[BlackTeamCountry "ESP"]

1. e4 e5 2. Nf3 Nc6 3. Bb5 Nge7 4. 0-0 g6 5. d4 exd4 6. Nxd4 Bg7 7. c3 0-0 8. Be3 d5 9. exd5 Nxd5 10. Nxc6 bxc6 11. Bxc6 Nxe3 12. fxe3 Qxd1 13. Rxd1 Rb8 14. b3 Bg4 15. Rd4 Bxd4 16. cxd4 Rfd8 17. Nc3 Bd7 18. Bf3 Kg7 19. Rc1 a5 20. Ne4 Rdc8 21. Nc5 Be8 22. Na6 Rb6 23. Nxc7 Kh6 24. Rc5 a4 25. Bd5 Rd6 26. e4 axb3 27. axb3 Rb6 28. Kf2 Rf6+ 29. Ke3 Rf1 30. Ke2 Rb1 31. h3 Rb2+ 32. Kf3 f6 33. Bc4 Bd7 34. Nd5 Rxc5 35. dxc5 Kg7 36. Nb4 Bc8 37. c6 Kf8 38. Nd5 f5 39. e5 Be6 40. c7 Bxd5+ 41. Bxd5 Rc2 42. Bc4 1-0

[Event "ESP-chT CECLUB Div2"]
[Site "Linares"]
[Date "2021.08.10"]
[Round "3.1"]
[White "Ordonez Torres, Maria del Carmen"]
[Black "Vega Gutierrez, Sabrina Neide"]
[Result "0-1"]
[WhiteElo "2039"]
[BlackElo "2392"]
[PlyCount "66"]
[EventDate "2021.08.09"]
[EventType "team-swiss"]
[EventRounds "7"]
[EventCountry "ESP"]
[SourceTitle "CBM 203 Extra"]
[Source "ChessBase"]
[SourceDate "2021.09.30"]
[SourceVersion "1"]
[SourceVersionDate "2021.09.30"]
[SourceQuality "1"]
[WhiteTeam "Reina Brillante"]
[BlackTeam "Casablanca Myinvestor"]
[WhiteTeamCountry "ESP"]
[BlackTeamCountry "ESP"]

1. e4 c5 2. Nf3 e6 3. d4 cxd4 4. Nxd4 Nc6 5. Nc3 a6 6. a3 d6 7. Be3 Nf6 8. Be2 Be7 9. f4 Bd7 10. g4 Nxd4 11. Qxd4 e5 12. Qd1 Bc6 13. Bf3 exf4 14. Bxf4 Qb6 15. Qd2 Qxb2 16. 0-0 Qb6+ 17. Kh1 0-0 18. Rab1 Qc7 19. Rfd1 Rfd8 20. Nd5 Bxd5 21. exd5 b5 22. Re1 Re8 23. Re2 Bf8 24. Rbe1 Rxe2 25. Rxe2 Nd7 26. Be4 g6 27. h4 Qc4 28. Bf3 Rc8 29. h5 Qc3 30. Kg2 Qxd2 31. Rxd2 Rc4 32. Kg3 gxh5 33. gxh5 Rxf4 0-1

[Event "ESP-chT CECLUB Div2"]
[Site "Linares"]
[Date "2020.08.26"]
[Round "4.4"]
[White "Carbonell Sancho, Marc"]
[Black "Ordonez Torres, Maria del Carmen"]
[Result "1-0"]
[WhiteElo "2187"]
[BlackElo "2061"]
[PlyCount "123"]
[EventDate "2020.08.24"]
[EventType "team-tourn"]
[EventRounds "6"]
[EventCountry "ESP"]
[SourceTitle "CBM 198 Extra"]
[Source "ChessBase"]
[SourceDate "2020.11.30"]
[SourceVersion "1"]
[SourceVersionDate "2020.11.30"]
[SourceQuality "1"]
[WhiteTeam "Xeraco CE"]
[BlackTeam "Reina Brillante"]
[WhiteTeamCountry "ESP"]
[BlackTeamCountry "ESP"]

1. e4 e5 2. Nf3 Nc6 3. Bc4 Nf6 4. d3 Be7 5. 0-0 d6 6. c3 0-0 7. h3 Na5 8. Bb5 a6 9. Ba4 b5 10. Bc2 c5 11. Re1 Qc7 12. Nbd2 Re8 13. Nf1 h6 14. Ng3 Be6 15. Nh4 Bf8 16. Nhf5 d5 17. Qf3 Qd8 18. exd5 Bxd5 19. Ne4 Nxe4 20. dxe4 Be6 21. Ne3 Nc4 22. Nd5 Bxd5 23. exd5 g6 24. g4 Bg7 25. b3 Nd6 26. Bd2 c4 27. Rad1 Rc8 28. b4 a5 29. a3 Ra8 30. Qg3 axb4 31. axb4 Ra2 32. Bb1 Ra3 33. Bc1 Ra6 34. h4 Qd7 35. h5 g5 36. Be3 Ra3 37. Bc5 Rb3 38. Bc2 Ra3 39. Ra1 Rea8 40. Rxa3 Rxa3 41. Rd1 Ra6 42. Qf3 Ra2 43. Bf5 Qd8 44. Kg2 Ra3 45. Qe3 Ra6 46. Bxd6 Rxd6 47. Qc5 Rb6 48. Kf3 e4+ 49. Bxe4 Bxc3 50. d6 Bg7 51. d7 Bf8 52. Qe5 Be7 53. Kg2 Re6 54. Qf5 Bxb4 55. Qh7+ Kf8 56. Bf5 Rc6 57. Rd4 Bc3 58. Re4 Re6 59. Bxe6 fxe6 60. Rxe6 Qa8+ 61. f3 Qa2+ 62. Kh3 1-0

[Event "ESP-chT CECLUB Div2"]
[Site "Linares"]
[Date "2019.08.23"]
[Round "7.3"]
[White "Terron Elena, Francisco Miguel"]
[Black "Ordonez Torres, Maria del Carmen"]
[Result "1-0"]
[WhiteElo "2167"]
[BlackElo "2027"]
[PlyCount "67"]
[EventDate "2019.08.19"]
[EventType "team-swiss"]
[EventRounds "7"]
[EventCountry "ESP"]
[SourceTitle "EXT 2020"]
[Source "ChessBase"]
[SourceDate "2019.10.17"]
[SourceVersion "1"]
[SourceVersionDate "2019.10.17"]
[SourceQuality "1"]
[WhiteTeam "Coin CC"]
[BlackTeam "Reina Brillante"]
[WhiteTeamCountry "ESP"]
[BlackTeamCountry "ESP"]

1. d4 Nf6 2. c4 g6 3. Nf3 Bg7 4. g3 d6 5. Bg2 0-0 6. 0-0 Nbd7 7. Qc2 e5 8. Rd1 Qe7 9. Nc3 c6 10. e4 a6 11. b3 Re8 12. Ba3 exd4 13. Nxd4 c5 14. Nde2 Rb8 15. Nf4 b5 16. Ncd5 Nxd5 17. Nxd5 Qf8 18. Rab1 Ne5 19. cxb5 axb5 20. f4 Nc6 21. Bb2 Nd4 22. Bxd4 cxd4 23. Nb4 Bb7 24. Rbc1 Rbc8 25. Qd3 Rc5 26. Rc2 Rec8 27. Re2 Qd8 28. Bh3 Rc3 29. Qxb5 Rb8 30. Na6 Bc6 31. Qxb8 Qxb8 32. Nxb8 Bb5 33. Red2 d3 34. Bd7 1-0

[Event "ESP-chT CECLUB Div2"]
[Site "Linares"]
[Date "2019.08.19"]
[Round "1.8"]
[White "Andrade Sandoval, Bianca"]
[Black "Ordonez Torres, Maria del Carmen"]
[Result "1-0"]
[WhiteElo "1865"]
[BlackElo "2027"]
[PlyCount "79"]
[EventDate "2019.08.19"]
[EventType "team-swiss"]
[EventRounds "7"]
[EventCountry "ESP"]
[SourceTitle "EXT 2020"]
[Source "ChessBase"]
[SourceDate "2019.10.17"]
[SourceVersion "1"]
[SourceVersionDate "2019.10.17"]
[SourceQuality "1"]
[WhiteTeam "Jaque Mate"]
[BlackTeam "Reina Brillante"]
[WhiteTeamCountry "ESP"]
[BlackTeamCountry "ESP"]

1. d4 Nf6 2. Bf4 g6 3. e3 Bg7 4. Nf3 0-0 5. Be2 d6 6. h3 Nfd7 7. c4 Nc6 8. Nc3 e5 9. Bh2 f5 10. 0-0 Kh8 11. a3 g5 12. dxe5 Ndxe5 13. Nxe5 Nxe5 14. Rc1 f4 15. Nd5 f3 16. Bxe5 Bxe5 17. Bxf3 Bxb2 18. Rc2 Be5 19. c5 Bf5 20. e4 Bg6 21. cxd6 Bxd6 22. Qd4+ Kg8 23. Rd1 h5 24. Nxc7 Bxc7 25. Qc4+ Bf7 26. Qxc7 Qf6 27. Qxb7 Rab8 28. Qc6 Qf4 29. Qd6 Bb3 30. Qg6+ Kh8 31. Qh6+ Kg8 32. Rc6 Rb6 33. Qg6+ Kh8 34. Qxh5+ Kg8 35. Rg6+ Rxg6 36. Qxg6+ Kh8 37. Rd7 Bf7 38. Qf5 Qc1+ 39. Kh2 Kg8 40. Bh5 1-0

[Event "ESP-ch U16"]
[Site "Salobrena"]
[Date "2012.07.21"]
[Round "9"]
[White "Ordonez Torres, Maria del Carmen"]
[Black "Santos Ruiz, Miguel"]
[Result "0-1"]
[WhiteElo "1913"]
[BlackElo "2106"]
[PlyCount "44"]
[EventDate "2012.07.16"]
[EventType "swiss"]
[EventRounds "9"]
[EventCountry "ESP"]
[SourceTitle "EXT 2014"]
[Source "ChessBase"]
[SourceDate "2013.11.20"]
[SourceVersion "1"]
[SourceVersionDate "2013.11.20"]
[SourceQuality "1"]

1. e4 e6 2. d4 d5 3. Nc3 Bb4 4. e5 c5 5. Bd2 Ne7 6. Nb5 Bxd2+ 7. Qxd2 0-0 8. Nf3 a6 9. Nd6 cxd4 10. Bd3 h6 11. g4 Nbc6 12. Nxc8 Nxc8 13. g5 hxg5 14. Rg1 f6 15. exf6 Qxf6 16. Nxg5 Qe5+ 17. Be2 Nd6 18. f3 Nc4 19. Qd3 Rf5 20. h4 Nxb2 21. Qb3 d3 22. cxd3 Nd4 0-1

[Event "Andalucia-ch"]
[Site "Lucena"]
[Date "2012.04.29"]
[Round "6"]
[White "Ordonez Torres, Maria del Carmen"]
[Black "Barrios Munoz, Rafael Carlos"]
[Result "1/2-1/2"]
[WhiteElo "1911"]
[BlackElo "2145"]
[PlyCount "79"]
[EventDate "2012.04.26"]
[EventType "swiss"]
[EventRounds "9"]
[EventCountry "ESP"]
[SourceTitle "EXT 2013"]
[Source "ChessBase"]
[SourceDate "2012.11.22"]
[SourceVersion "1"]
[SourceVersionDate "2012.11.22"]
[SourceQuality "1"]

1. e4 e5 2. Nf3 Nc6 3. Bb5 a6 4. Ba4 Nf6 5. 0-0 b5 6. Bb3 Be7 7. Re1 d6 8. c3 0-0 9. h3 Na5 10. Bc2 c5 11. d4 Qc7 12. Nbd2 cxd4 13. cxd4 Nc6 14. Nb3 a5 15. Be3 a4 16. Nbd2 Rb8 17. Rc1 Bd7 18. Qe2 Qb7 19. Bd3 Rfe8 20. dxe5 Nxe5 21. Nxe5 dxe5 22. Nf3 Bb4 23. Bd2 Bd6 24. b4 axb3 25. axb3 h6 26. Rc2 Nh5 27. Rec1 Nf4 28. Bxf4 exf4 29. Qd2 f6 30. Nd4 Be5 31. Nc6 Bxc6 32. Rxc6 Red8 33. Qc2 Kh7 34. Be2 Rd4 35. Rd1 Rxd1+ 36. Bxd1 Rd8 37. Rc5 b4 38. Rd5 Rxd5 39. exd5+ Kg8 40. Bf3 1/2-1/2

[Event "Andalucia-ch"]
[Site "Lucena"]
[Date "2012.04.28"]
[Round "4"]
[White "Ordonez Torres, Maria del Carmen"]
[Black "Moral Garcia, Serafin"]
[Result "1/2-1/2"]
[WhiteElo "1911"]
[BlackElo "2165"]
[PlyCount "101"]
[EventDate "2012.04.26"]
[EventType "swiss"]
[EventRounds "9"]
[EventCountry "ESP"]
[SourceTitle "EXT 2013"]
[Source "ChessBase"]
[SourceDate "2012.11.22"]
[SourceVersion "1"]
[SourceVersionDate "2012.11.22"]
[SourceQuality "1"]

1. e4 e5 2. Nf3 Nc6 3. Bb5 a6 4. Ba4 Nf6 5. 0-0 Be7 6. Re1 b5 7. Bb3 0-0 8. h3 d6 9. c3 Na5 10. Bc2 c5 11. d4 Nd7 12. dxe5 dxe5 13. Nbd2 Qc7 14. a4 Bb7 15. Nf1 Rfd8 16. Qe2 c4 17. Be3 Nc5 18. axb5 axb5 19. N3d2 Nd3 20. Reb1 Nc5 21. Ng3 g6 22. Qg4 Kh8 23. Rf1 Nd3 24. Rab1 Bc5 25. Bg5 Be7 26. Be3 Qc6 27. Qf3 Kg8 28. Bh6 Qd6 29. Rfd1 f5 30. b4 f4 31. bxa5 fxg3 32. Rxb5 gxf2+ 33. Kh2 Ne1 34. Qxf2 Nxc2 35. Rxb7 Qe6 36. Rb6 Rd6 37. Rdb1 Na3 38. Rb8+ Rd8 39. R1b6 Qf7 40. Rxd8+ Bxd8 41. Qxf7+ Kxf7 42. Rb7+ Ke6 43. Bf8 Rxa5 44. Rxh7 Bg5 45. Nf3 Bf6 46. Rc7 Nc2 47. Rxc4 Ra2 48. Rc6+ Kf7 49. Bc5 Ra4 50. Rc7+ Ke6 51. Rc6+ 1/2-1/2

[Event "ESP-ch U14"]
[Site "Linares"]
[Date "2010.07.14"]
[Round "3"]
[White "Ordonez Torres, Maria del Carmen"]
[Black "Gutierrez Valero, Mario"]
[Result "0-1"]
[WhiteElo "1871"]
[BlackElo "2071"]
[PlyCount "112"]
[EventDate "2010.07.13"]
[EventType "swiss"]
[EventRounds "9"]
[EventCountry "ESP"]
[SourceTitle "CBM 137 Extra"]
[Source "ChessBase"]
[SourceDate "2010.09.01"]
[SourceVersion "1"]
[SourceVersionDate "2010.09.01"]
[SourceQuality "1"]

1. e4 c5 2. Nf3 Nc6 3. d4 cxd4 4. Nxd4 Nf6 5. Nc3 e5 6. Ndb5 d6 7. Bg5 a6 8. Na3 b5 9. Nd5 Be7 10. Nxe7 Nxe7 11. Bxf6 gxf6 12. Qd2 Bb7 13. 0-0-0 Bxe4 14. Qxd6 Qxd6 15. Rxd6 f5 16. f3 Bc6 17. c4 b4 18. Nc2 a5 19. Ne3 Rc8 20. Be2 0-0 21. Rhd1 Kg7 22. b3 f4 23. Nc2 Nf5 24. R6d2 Kf6 25. Kb2 h5 26. Bd3 Rg8 27. a3 bxa3+ 28. Kxa3 h4 29. Be4 h3 30. gxh3 Bxe4 31. fxe4 Nh4 32. Rd6+ Kg5 33. R6d5 f6 34. Rxa5 Nf3 35. Ra6 Rcf8 36. c5 Kh5 37. c6 Nxh2 38. c7 Rc8 39. Rc6 Rg7 40. Rxf6 Rcxc7 41. Rf5+ Kh4 42. Nb4 Ra7+ 43. Kb2 Rg2+ 44. Kb1 Rb7 45. Nd3 Rxb3+ 46. Ka1 f3 47. Nxe5 f2 48. Nd3 f1Q 49. Rf4+ Qxf4 50. Nxf4 Rf2 51. Ng6+ Kxh3 52. Rd7 Rg3 53. Rh7+ Kg2 54. Nh4+ Kh1 55. Rb7 Rg1+ 56. Rb1 Rxb1+ 0-1

[Event "ESP-ch U14"]
[Site "Linares"]
[Date "2010.07.13"]
[Round "2"]
[White "Ordonez Torres, Maria del Carmen"]
[Black "Fernandez Gil, Ruben Carlos"]
[Result "1-0"]
[WhiteElo "1871"]
[BlackElo "1721"]
[PlyCount "73"]
[EventDate "2010.07.13"]
[EventType "swiss"]
[EventRounds "9"]
[EventCountry "ESP"]
[SourceTitle "CBM 137 Extra"]
[Source "ChessBase"]
[SourceDate "2010.09.01"]
[SourceVersion "1"]
[SourceVersionDate "2010.09.01"]
[SourceQuality "1"]

1. e4 e6 2. d4 d5 3. Nc3 Bb4 4. e5 c5 5. Bd2 Bxc3 6. Bxc3 Nc6 7. Qg4 g6 8. 0-0-0 Nxd4 9. Bxd4 cxd4 10. Qxd4 Bd7 11. Kb1 Qc7 12. f4 Ne7 13. Nf3 Rc8 14. Qd2 b5 15. g4 a5 16. Nd4 b4 17. Nb5 Bxb5 18. Bxb5+ Kf8 19. h4 h5 20. gxh5 gxh5 21. Bd3 Nf5 22. Bxf5 exf5 23. Qd3 Rh6 24. Qxf5 Rc6 25. Rh2 a4 26. Qd3 Rc4 27. Rf2 Qc5 28. Rdf1 Re4 29. Rd2 Rd8 30. Rdd1 Rc4 31. f5 a3 32. e6 f6 33. Qd2 Ke7 34. Rg1 Kd6 35. Rg2 Re4 36. Rg7 Kc6 37. Qg2 1-0

[Event "EU-ch U14 Girls 19th"]
[Site "Fermo"]
[Date "2009.09.09"]
[Round "9"]
[White "Ordonez Torres, Maria del Carmen"]
[Black "Chiarion, Elisa"]
[Result "1/2-1/2"]
[WhiteElo "1780"]
[BlackElo "1904"]
[PlyCount "102"]
[EventDate "2009.08.31"]
[EventType "swiss"]
[EventRounds "9"]
[EventCountry "ITA"]
[SourceTitle "CBM 132 Extra"]
[Source "ChessBase"]
[SourceDate "2009.11.03"]
[SourceVersion "1"]
[SourceVersionDate "2009.11.03"]
[SourceQuality "1"]

1. e4 c5 2. Nf3 a6 3. d4 cxd4 4. Nxd4 Nf6 5. Nc3 e5 6. Nb3 Bb4 7. Bd3 d5 8. exd5 Nxd5 9. Bd2 Bxc3 10. bxc3 Qc7 11. c4 Nf6 12. 0-0 0-0 13. Bg5 Nbd7 14. Re1 Re8 15. Nd2 b6 16. Ne4 Nxe4 17. Bxe4 Bb7 18. Bxb7 Qxb7 19. Qd5 Qxd5 20. cxd5 Rac8 21. Rac1 Rc5 22. Red1 Ra5 23. Ra1 Rc8 24. Rd2 Rcc5 25. d6 f6 26. Be3 Rd5 27. Kf1 Kf7 28. Ke2 Ke6 29. c4 Rxd2+ 30. Kxd2 Kxd6 31. Kc2 b5 32. Bd2 Ra4 33. cxb5 axb5 34. a3 Rc4+ 35. Kd1 Rd4 36. Ke2 Rc4 37. Kd1 Rd4 38. Ke2 Ra4 39. Bb4+ Kc6 40. Rc1+ Kb7 41. Kd2 Nb6 42. Rc5 Ka6 43. Rc6 Kb7 44. Rc5 Ka6 45. Rc6 Kb7 46. Rc5 Ra8 47. Rxb5 Kc6 48. Rc5+ Kb7 49. Rb5 Kc6 50. Rc5+ Kb7 51. Rb5 Rc8 1/2-1/2

[Event "EU-ch U14 Girls 19th"]
[Site "Fermo"]
[Date "2009.09.01"]
[Round "2"]
[White "Tarmastin, Laura"]
[Black "Ordonez Torres, Maria del Carmen"]
[Result "0-1"]
[WhiteElo "1850"]
[BlackElo "1780"]
[PlyCount "98"]
[EventDate "2009.08.31"]
[EventType "swiss"]
[EventRounds "9"]
[EventCountry "ITA"]
[SourceTitle "CBM 132 Extra"]
[Source "ChessBase"]
[SourceDate "2009.11.03"]
[SourceVersion "1"]
[SourceVersionDate "2009.11.03"]
[SourceQuality "1"]

1. e4 e5 2. Nf3 Nc6 3. Bc4 Bc5 4. c3 Nf6 5. d4 exd4 6. cxd4 Bb4+ 7. Nc3 0-0 8. e5 Ne4 9. Bd2 Nxd2 10. Qxd2 d6 11. a3 Ba5 12. b4 Bb6 13. Rd1 Bg4 14. Bd5 Bxf3 15. Bxf3 Nxd4 16. exd6 Re8+ 17. Ne2 Qh4 18. 0-0 Nxf3+ 19. gxf3 cxd6 20. Ng3 Re6 21. Nf5 Qh5 22. Qd5 Qg5+ 23. Ng3 Qxd5 24. Rxd5 Rc8 25. Rfd1 Rc3 26. R5d3 Rxd3 27. Rxd3 g6 28. Ne4 Kf8 29. Rxd6 Ke7 30. Rxe6+ Kxe6 31. Kf1 h6 32. Ke2 f5 33. Nc3 Ke5 34. Nd1 Kd4 35. Kd2 Kc4 36. Kc2 f4 37. Nb2+ Kd4 38. Nd3 g5 39. Nb2 a5 40. Kd2 h5 41. h3 Kd5 42. Nd3 axb4 43. axb4 Bd4 44. Nc1 Bxf2 45. Kd3 b6 46. Ke2 Be3 47. Nd3 Kc4 48. Ne1 Bd4 49. Nc2 Bc3 0-1